Southville International School and Colleges
Your cart is empty.
  • Cart
  • Lists
    Public lists Eva Luna New books Lux_list list_1
    Your lists Log in to create your own lists
  • Log in to your account
  • Your cookies
  • Search history
Southville International School and Colleges
  • Advanced search
  • Recent comments
  • Most popular
  • Libraries

Log in to your account

Log in with GOOGLE


If you do not have an external account, but do have a local account, you can still log in:

  1. Home
  2. MARC view: O. Henry Memorial Award Prize Stories of 1921
Normal view MARC view ISBD view

O. Henry Memorial Award Prize Stories of 1921 (Record no. 240767)

[ view plain ]
MARC details
000 -LEADER
fixed length control field 02011cam a22004453a 4500
001 - CONTROL NUMBER
control field 11512
003 - CONTROL NUMBER IDENTIFIER
control field PGUSA
005 - DATE AND TIME OF LATEST TRANSACTION
control field 20140828083237.0
008 - FIXED-LENGTH DATA ELEMENTS--GENERAL INFORMATION
fixed length control field 040301s2004||||xxu|||||s|||||000 | eng d
040 ## - CATALOGING SOURCE
Original cataloging agency PGUSA
Language of cataloging eng
042 ## - AUTHENTICATION CODE
Authentication code dc
050 #4 - LIBRARY OF CONGRESS CALL NUMBER
Classification number PS
245 10 - TITLE STATEMENT
Title O. Henry Memorial Award Prize Stories of 1921
Medium [electronic resource]
260 ## - PUBLICATION, DISTRIBUTION, ETC. (IMPRINT)
Name of publisher, distributor, etc Project Gutenberg,
Date of publication, distribution, etc 2004
505 0# - FORMATTED CONTENTS NOTE
Formatted contents note The heart of little Shikara. By Marshall -- The man who cursed the lilies. By Jackson -- The urge. By Allen -- Mummery. By Beer -- The victim of his vision. By Chittenden -- Martin Gerrity gets even. By Cooper and Creagan -- Stranger things. By Cram -- Comet. By Derieux -- Fifty-two weeks for Florette. By Heermann -- Wild earth. By Kerr -- The tribute. By Kniffin -- The get-away. By Lewis -- "Aurore." By Mumford -- Mr. Downey sits down. By Robbins -- The marriage in Kairwan. By Steele -- Grit. By Tupper.
506 ## - RESTRICTIONS ON ACCESS NOTE
Terms governing access Public domain in the USA.
516 ## - TYPE OF COMPUTER FILE OR DATA NOTE
Type of computer file or data note Electronic text
653 ## - INDEX TERM--UNCONTROLLED
Uncontrolled term Short stories, American -- Periodicals
700 1# - ADDED ENTRY--PERSONAL NAME
Personal name Cooper, Courtney Ryley,
Dates associated with a name 1886-1940
700 1# - ADDED ENTRY--PERSONAL NAME
Personal name Cram, Mildred,
Dates associated with a name 1889-1985
700 1# - ADDED ENTRY--PERSONAL NAME
Personal name Tupper, Tristram,
Dates associated with a name 1884-1954
700 1# - ADDED ENTRY--PERSONAL NAME
Personal name Allen, Maryland,
Dates associated with a name -1927
700 1# - ADDED ENTRY--PERSONAL NAME
Personal name Kerr, Sophie,
Dates associated with a name 1880-1965
700 1# - ADDED ENTRY--PERSONAL NAME
Personal name Beer, Thomas,
Dates associated with a name 1889-1940
700 1# - ADDED ENTRY--PERSONAL NAME
Personal name Creagan, Leo F.
700 1# - ADDED ENTRY--PERSONAL NAME
Personal name Marshall, Edison,
Dates associated with a name 1894-1967
700 1# - ADDED ENTRY--PERSONAL NAME
Personal name Steele, Wilbur Daniel,
Dates associated with a name 1886-1970
700 1# - ADDED ENTRY--PERSONAL NAME
Personal name Derieux, Samuel A.
Fuller form of name (Samuel Arthur),
Dates associated with a name 1881-1922
700 1# - ADDED ENTRY--PERSONAL NAME
Personal name Alexander, Elizabeth
Fuller form of name (Elizabeth Alexander Heermann)
700 1# - ADDED ENTRY--PERSONAL NAME
Personal name Jackson, Charles Tenney,
Dates associated with a name 1874-
700 1# - ADDED ENTRY--PERSONAL NAME
Personal name Chittenden, Gerald,
Dates associated with a name 1882-
700 1# - ADDED ENTRY--PERSONAL NAME
Personal name Lewis, Orlando Faulkland,
Dates associated with a name 1873-1922
700 1# - ADDED ENTRY--PERSONAL NAME
Personal name Grant, Ethel Watts Mumford,
Dates associated with a name 1878-1940
700 1# - ADDED ENTRY--PERSONAL NAME
Personal name Williams, Blanche Colton,
Dates associated with a name 1879-1944
700 1# - ADDED ENTRY--PERSONAL NAME
Personal name Kniffin, Harry Anable
700 1# - ADDED ENTRY--PERSONAL NAME
Personal name Robbins, Leonard H.
Fuller form of name (Leonard Harman),
Dates associated with a name 1877-1947
830 #0 - SERIES ADDED ENTRY--UNIFORM TITLE
Uniform title Project Gutenberg
Volume number/sequential designation 11512
856 40 - ELECTRONIC LOCATION AND ACCESS
Uniform Resource Identifier <a href="http://www.gutenberg.org/ebooks/11512">http://www.gutenberg.org/ebooks/11512</a>
942 ## - ADDED ENTRY ELEMENTS (KOHA)
Koha item type eBooks
Holdings
Withdrawn status Lost status Damaged status Home library Current library Date acquired Total Checkouts Date last seen Price effective from Koha item type
      Project Gutenberg Project Gutenberg 08/28/2014   08/28/2014 08/28/2014 eBooks

O. Henry Memorial Award Prize Stories of 1921

APA

Cooper C. R., Cram M., Tupper T., Allen M., Kerr S., Beer T., Creagan L. F., Marshall E., Steele W. D., Derieux S. A., Alexander E., Jackson C. T., Chittenden G., Lewis O. F., Grant E. W. M., Williams B. C., Kniffin H. A. & Robbins L. H. (2004). O. Henry Memorial Award Prize Stories of 1921. : Project Gutenberg.

Chicago

Cooper Courtney Ryley, Cram Mildred, Tupper Tristram, Allen Maryland, Kerr Sophie, Beer Thomas, Creagan Leo F, Marshall Edison, Steele Wilbur Daniel, Derieux Samuel A, Alexander Elizabeth, Jackson Charles Tenney, Chittenden Gerald, Lewis Orlando Faulkland, Grant Ethel Watts Mumford, Williams Blanche Colton, Kniffin Harry Anable and Robbins Leonard H. 2004. O. Henry Memorial Award Prize Stories of 1921. : Project Gutenberg.

Harvard

Cooper C. R., Cram M., Tupper T., Allen M., Kerr S., Beer T., Creagan L. F., Marshall E., Steele W. D., Derieux S. A., Alexander E., Jackson C. T., Chittenden G., Lewis O. F., Grant E. W. M., Williams B. C., Kniffin H. A. and Robbins L. H. (2004). O. Henry Memorial Award Prize Stories of 1921. : Project Gutenberg.

MLA

Cooper Courtney Ryley, Cram Mildred, Tupper Tristram, Allen Maryland, Kerr Sophie, Beer Thomas, Creagan Leo F, Marshall Edison, Steele Wilbur Daniel, Derieux Samuel A, Alexander Elizabeth, Jackson Charles Tenney, Chittenden Gerald, Lewis Orlando Faulkland, Grant Ethel Watts Mumford, Williams Blanche Colton, Kniffin Harry Anable and Robbins Leonard H. O. Henry Memorial Award Prize Stories of 1921. : Project Gutenberg. 2004.

  • Place hold
  • Print
  • Cite
  • Add to your cart (remove)
  • Save record
    BIBTEX Dublin Core MARCXML MARC (non-Unicode/MARC-8) MARC (Unicode/UTF-8) MARC (Unicode/UTF-8, Standard) MODS (XML) RIS
  • More searches
    Search for this title in:
    Other Libraries (WorldCat) Other Databases (Google Scholar) Online Stores (Bookfinder.com) Open Library (openlibrary.org)

Exporting to Dublin Core...

SOUTHVILLE LIBRARY

Southville International School and Colleges Library

1281 Tropical Ave. Cor. Luxembourg St., BF Homes International, Las Pinas City

Tel. No. 8256374 / 252358 Loc. 117/146

Powered by Koha